00470nmm a2200169Ia 4500008004100000020001800041041000800059100003100067245002400098264004200122300001800164490001400182650002900196856005100225942000700276999001700283251105s9999||||xx |||||||||||||||||und|| a9788499533735 aspa aTanco y Bosmeniel, Félix 0aPetrona y Rosalía a[Madrid, España] :bLinkgua, c2016 a140 páginas aNarrativa aLatin American narrative uhttps://public.digitaliapublishing.com/a/16388 cCF c93086d93086